000 01394nam0a2200349 4500
001 RU\NLR\BIBL_A\022485027
005 20250402133022.0
010 _a978-5-04-207767-8
_92000
021 _aRU
_bКН-П-24-088667
_9КН-П-24-8824
035 _a(NLR Aleph) 022485027
090 _a13378663
_c13378663
100 _a20250311d2024 u y0rusy50 ca
101 0 _arus
_cita
102 _aRU
105 _aac z 000yb
181 0 _ai
_baxxe
182 0 _an
200 1 _aВесь Сенна
_eвсе гонки Айртона в Формуле-1. Более 300 фотографий
_fЭнрико Мапелли
_gперевод с итальянского А. В. Мурника
203 _aТекст
_bвизуальный
_cнепосредственный
210 _aМосква
_cБомбора, Эксмо
_d2024
215 _a254, [1] с.
_cил., цв. ил., портр.
_d26
225 1 _aЛегенды Ф-1
320 _aБиблиогр. в подстроч. примеч.
333 _a12+
600 1 _aСенна
_bА.
_f1960 - 1994
_gАйртон
_jФотоальбомы
_91089289
_3RU\NLR\AUTH\66108021
686 1 _aЧ517.215.3(7Бр)6-8Сенна.я61
700 1 _aМапелли
_bЭ.
_gЭнрико
702 1 _aСенна
_bА.
_f1960-1994
_gАйртон
_4280
942 _cBOOK
980 _aNB